Human organ by picture - Statistics

General Stats
  • This quiz has been taken 90 times
  • The average score is 11 of 16
Answer Stats
Picture Answer % Correct
Brain
100%
Heart
100%
Lungs
95%
Kidney
84%
Stomach
84%
Eye
80%
Tongue
80%
Liver
75%
Uterus
69%
Ear
60%
Pancreas
60%
Small intestine
56%
Biceps
40%
Patella
27%
Thyroid
22%
Testicle
19%
No matching quizzes found
Score Distribution
Percent of People with Each Score
Percentile by Number Answered
Your Score History
You have not taken this quiz